000 003770000a22001570004500
005 20120302064640.0
942 _cBOOK
100 _a
_a
_b
_c
245 _a Shoonya Te Shambhar Aakdyanchya Hajar Mauja .
250 _a 1 st.
260 _aPune: Varada Books , 1991
300 _a198 p.
040 _amar
365 _bRs.40/-
650 _aSankirna / Anka / Aakade / Sankhya
999 _c362710
_d362707